Waste and recycling : (Record no. 9329)

MARC details
000 -LEADER
fixed length control field 01103cam a2200313 a 4500
001 - CONTROL NUMBER
control field 16483893
003 - CONTROL NUMBER IDENTIFIER
control field OSt
005 - DATE AND TIME OF LATEST TRANSACTION
control field 20240822160828.0
008 - FIXED-LENGTH DATA ELEMENTS--GENERAL INFORMATION
fixed length control field 100930s2011 enka b 001 0 eng
010 ## - LIBRARY OF CONGRESS CONTROL NUMBER
LC control number 2010041097
020 ## - INTERNATIONAL STANDARD BOOK NUMBER
International Standard Book Number 9780415589857 (hb)
020 ## - INTERNATIONAL STANDARD BOOK NUMBER
International Standard Book Number 9780203828014 (eb)
040 ## - CATALOGING SOURCE
Transcribing agency MUST
042 ## - AUTHENTICATION CODE
Authentication code pcc
082 00 - DEWEY DECIMAL CLASSIFICATION NUMBER
Classification number 363.7 SHI 2011
Edition number 22
100 1# - MAIN ENTRY--PERSONAL NAME
Personal name Shinkuma, Takayoshi.
9 (RLIN) 19062
245 10 - TITLE STATEMENT
Title Waste and recycling :
Remainder of title theory and empirics /
Statement of responsibility, etc. Takayoshi Shinkuma and Shunsuke Managi.
260 ## - PUBLICATION, DISTRIBUTION, ETC. (IMPRINT)
Place of publication, distribution, etc. London ;
-- New York :
Name of publisher, distributor, etc. Routledge,
Date of publication, distribution, etc. 2011.
300 ## - PHYSICAL DESCRIPTION
Extent xiv, 147 p. :
Other physical details ill. ;
Dimensions 24 cm.
490 0# - SERIES STATEMENT
Series statement Routledge studies in ecological economics ;
Volume/sequential designation 13
504 ## - BIBLIOGRAPHY, ETC. NOTE
Bibliography, etc Includes bibliographical references and index.
650 #0 - SUBJECT ADDED ENTRY--TOPICAL TERM
Topical term or geographic name as entry element Refuse and refuse disposal
9 (RLIN) 19063
650 #0 - SUBJECT ADDED ENTRY--TOPICAL TERM
Topical term or geographic name as entry element Recycling (Waste, etc.)
Form subdivision Case studies.
9 (RLIN) 19064
650 #0 - SUBJECT ADDED ENTRY--TOPICAL TERM
Topical term or geographic name as entry element Waste products
9 (RLIN) 17926
700 1# - ADDED ENTRY--PERSONAL NAME
Personal name Managi, Shunsuke.
9 (RLIN) 19065
906 ## - LOCAL DATA ELEMENT F, LDF (RLIN)
a 7
b cbc
c orignew
d 1
e ecip
f 20
g y-gencatlg
942 ## - ADDED ENTRY ELEMENTS (KOHA)
Source of classification or shelving scheme Dewey Decimal Classification
Koha item type Open Shelf
Holdings
Withdrawn status Lost status Source of classification or shelving scheme Damaged status Not for loan Home library Current library Date acquired Source of acquisition Inventory number Total Checkouts Full call number Barcode Date last seen Price effective from Koha item type
    Other/Generic Classification Scheme     MUST Main Library MUST Main Library 22/08/2024 Purchase 12/36861   363.7 SHI 2011 2024-22274 22/08/2024 22/08/2024 Open Shelf